banner koha

Caracteres importantes na identificação de espécies de Ludwigia (Onagraceae) ocorrentes no Recôncavo da Bahia, Brasil (Registro n. 333638)

MARC details
000 -LÍDER
fixed length control field 03259nab a2200277 i 4500
003 - CÓDIGO MARC DA AGÊNCIA CATALOGADORA
Campo de controle BR-BrBNA
005 - DATA E HORA DA ÚLTIMA ATUALIZAÇÃO
Campo de controle 20250716165931.0
008 - CAMPO DE TAMANHO FIXO
fixed length control field 250716b2019 bl.ar|pooa||| 00| 0 por |
040 ## - FONTE DA CATALOGAÇÃO
Agência catalogadora BR-BrBNA
Idioma da catalogação por
072 ## - CATEGORIA AGRIS
Código AGRIS F70
100 ## - ENTRADA PRINCIPAL - NOME PESSOAL
Nome pessoal Sousa, Nelma Xavier Marques de
100 ## - ENTRADA PRINCIPAL - NOME PESSOAL
Nome pessoal Vieira, Ana Odete Santos
100 ## - ENTRADA PRINCIPAL - NOME PESSOAL
Nome pessoal Costa, Grênivel Mota da
100 ## - ENTRADA PRINCIPAL - NOME PESSOAL
Nome pessoal Aona, Lidyanne Yuriko Saleme
245 ## - TÍTULO PRINCIPAL
Título principal Caracteres importantes na identificação de espécies de Ludwigia (Onagraceae) ocorrentes no Recôncavo da Bahia, Brasil
500 ## - NOTA GERAL
Nota geral Publicação on-line; 39 ref.; 1 table; 3 illus.; Summaries (En, Pt)
942 ## - ADDED ENTRY ELEMENTS (KOHA)
Koha item type Analítica
520 ## - NOTA DE RESUMO
Nota de conteúdo <br/><br/>Resumo<br/><br/>Na flora aquática do Brasil, o gênero Ludwigia apresenta ca. 48 espécies. A maioria das espécies de Ludwigia<br/>é anfíbia, apresentando uma grande plasticidade fenotípica, o que torna sua identificação complexa. O objetivo<br/>deste trabalho foi realizar um levantamento taxonômico e analisar caracteres diagnósticos na delimitação<br/>das espécies de Ludwigia ocorrentes no Recôncavo da Bahia. As coletas foram feitas de 2013 a 2016. Foram<br/>realizadas análises morfológicas, com ênfase nos frutos e sementes de materiais coletados e exsicatas de<br/>acervos de herbários da Bahia. Foram encontradas cinco espécies para o Recôncavo da Bahia: L. erecta, L.<br/>hyssopifolia, L. leptocarpa, L. octovalvis e L. peploides, sendo apresentada uma chave de identificação, além<br/>de descrições, fotos e comentários taxonômicos sobre as espécies. Os caracteres diagnósticos avaliados como<br/>mais relevantes neste estudo foram: forma e inserção dos óvulos nos lóculos, forma, dimensão e coloração<br/>das sementes e características do endocarpo e da rafe.<br/><br/>Palavras-chave: endocarpo, fruto, plantas aquáticas, rafe, semente.<br/><br/><br/><br/><br/>Abstract<br/><br/>In the aquatic flora of Brazil, the genus Ludwigia presents ca. 48 species. Ludwigia species are mostly<br/>helophytes and exhibit great phenotypic plasticity, which makes their identification difficult. The objective of<br/>our work was to analyse diagnostic characters that are of importance for the delimitation of Ludwigia species<br/>occurring in the Recôncavo basin of Bahia. Collections were made from 2013 to 2016. Morphological analysis<br/>was carried out using material collected in the field and specimens studied in several Bahian herbaria. Five<br/>species were found for the Recôncavo of Bahia: L. erecta, L. hyssopifolia, L. leptocarpa, L. octovalvis and L.<br/>peploides. An identification key, descriptions, photos and taxonomic comments are presented. The following<br/>fruit and seed characters were considered as the most important diagnostic features: ovary characters, ovule<br/>shape and placentation types, seed shape, dimensions, colour, endocarp and raphe.<br/><br/>Key words: endocarp, fruit, aquatic plants, raphe, seed.
650 ## - ASSUNTO - THESAGRO
Cabeçalho tópico ou nome geográfico PERICARPO
650 ## - ASSUNTO - THESAGRO
Cabeçalho tópico ou nome geográfico FRUTO
650 ## - ASSUNTO - THESAGRO
Cabeçalho tópico ou nome geográfico PLANTA AQUÁTICA
650 ## - ASSUNTO - THESAGRO
Cabeçalho tópico ou nome geográfico SEMENTE
773 0# - ENTRADA ANALÍTICA
Host Biblionumber 709
Registro do item 351354
Imprenta Rio de Janeiro-RJ Jardim Botanico do Rio de Janeiro 1935
Outro identificador 2025-3977
Título Rodriguésia (Brazil)
ISSN 0370-6583; 2175-7860 on-line
Colação v. 70 p. 1-13; (2019)
Número de controle de registro BR2025003242
856 ## - ACESSO E ENDEREÇO ELETRÔNICO
Identificador uniforme de recurso - URI https://www.scielo.br/j/rod/a/kdFZtG5m8nzhhQfjy6mJnNH/?format=pdf&lang=pt

Nenhum exemplar disponível.

BINAGRI

Telefone: (61)3218-2567/2388/3357/2097 - binagri@agro.gov.br

Ministério da Agricultura e Pecuária , Esplanada dos Ministérios, Bloco D, Anexo B, Brasília/DF, CEP: 70.043-900